| 000 | 00000nam##2200000za#4500 |
| 001 | 9.642451 |
| 003 | CaOODSP |
| 005 | 20210624223715 |
| 007 | cr ||||||||||| |
| 008 | 150407|2000||||xxc|||||o f|0| 0 fre|d |
| 040 | |aCaOODSP|bfre |
| 043 | |an-cn--- |
| 086 | 1 |aC21-22/33-1-2000F-PDF |
| 110 | 1 |aCanada.|bIndustrie Canada. |bIndustries des services et des grands projets. |
| 245 | 13|aLa logistique et la gestion de la chaîne d'approvisionnement : |h[ressource électronique]|bvue d'ensemble et perspectives |
| 246 | 1 |iTitre de renvoi : |aCadres de compétitivité sectorielle |
| 260 | |aOttawa - Ontario : |bIndustrie Canada. |c2000. |
| 500 | |a« Le présent document ... s'inscrit dans la série Cadres de compétitivité sectorielle »--p.2 de 71. Le n° de catalogue (C-21-22/33-1-2000) et l'ISBN (0-662-64928-1) de l'édition imprimée bilingue ont été incorrectement copiés dans l'édition électronique. |
| 504 | |aBibliographie. |
| 590 | |a13-22-Supp|b2013-09-26 |
| 775 | 08|tLogistics and supply chain management : |w(CaOODSP)9.698444 |
| 856 | 40|ahttp://publications.gc.ca|qPDF|s295 Ko|uhttps://publications.gc.ca/collections/Collection/C21-22-33-1-2000F.pdf |